Klasifikácia odborov vzdelania. /

Uložené v:
Podrobná bibliografia
Hlavný autor: Turan, Oto (Adapter)
Médium: Kniha
Jazyk:Slovak
Vydané: Bratislava : Ústav informácií a prognóz školstva, mládeže a telovýchovy, 1996
Vydanie:1. vyd.
Témy:
ISBN: 8070980710 (brož.)
Fyzický popis: 114 s.
Tagy: Pridať tag
Žiadne tagy, Buďte prvý kto otaguje tento záznam!

MARC

LEADER 00000nam a2200000 a 4500
001 000037708
003 SVKK
005 19990616000000.0
008 960311s1996 xo e sloo
020 |a 8070980710 (brož.) 
040 |a SVKKK  |b slo  |c SVKKK  |e AACR2 
041 0 |a slo 
044 |a xo  |c SK 
080 |a 311.13  |2 1997 
245 0 0 |a Klasifikácia odborov vzdelania. /  |c Sprac. Oto Turan 
250 |a 1. vyd. 
260 |a Bratislava :  |b Ústav informácií a prognóz školstva, mládeže a telovýchovy,  |c 1996 
300 |a 114 s. 
653 0 |a vzdelanie  |2 SVKKKPH 
653 0 |a klasifikácia  |2 SVKKKPH 
653 0 |a odbory  |2 SVKKKPH 
655 7 |a príručky  |2 SVKKKPH 
700 1 |a Turan, Oto  |4 adp 
910 |a svkkk 
919 |a 80-7098-071-0 
974 |a EG  |d 19960802 
974 |a EG  |d 19960718 
974 |a MI  |d 19990616 
998 |a BK 
090 |g SCKHL  |k Sklad Pribinova 2. posch.  |a III.171644  |j 893008  |i 2720175000  |s Absenčne 
090 |g SCKHL  |k Sklad Pribinova 2. posch.  |a III.173119  |j 897239  |i 2720244471  |s Absenčne 
090 |g SCKHL  |k Sklad Pribinova 2. posch.  |a III.173120  |j 897240  |i 2720061172  |s Absenčne